000 00497nam a2200145 4500
999 _c10395
_d10395
008 180824b ||||| |||| 00| 0 eng d
022 _a2094-8042
082 _aDPer 370.105 M72 Jan-Dec 2011 v59-60
100 _930554
_aAkle, Eric A.
245 _aDepEd Iba District, Zambales massive tree planting/
_cEric A. Akle.
260 _aPhilippines:
_bIn the Grade School, Inc.,
_cc2011.
300 _av60 n2, page 75:
_billustrations;
_c27cm.
650 0 _930555
_aTree planting.
942 _2ddc
_cPER